[Event "Xtracon Grand Master 2014"]
[Site "Koge"]
[Date "2014.10.17"]
[Round "8.1"]
[White "Fier, Alexandr"]
[Black "Høi, Carsten"]
[Result "1/2-1/2"]
[WhiteElo "2589"]
[BlackElo "2395"]
[PlyCount "127"]
[EventDate "2014.??.??"]

1. d4 Nf6 2. c4 g6 3. Nc3 Bg7 4. e4 d6 5. Be2 O-O 6. Bg5 Nbd7 7. Qd2 e5 8. Nf3
c6 9. O-O Re8 10. d5 Nc5 11. Bxf6 Qxf6 12. b4 Na6 13. dxc6 bxc6 14. b5 cxb5 15.
Nd5 Qd8 16. cxb5 Nc5 17. Qe3 Be6 18. Rfd1 h6 19. Bc4 f5 20. Nd2 Rc8 21. Qa3
fxe4 22. Qxa7 e3 23. fxe3 e4 24. Rac1 Kh8 25. Nf4 Bf5 26. Nb3 Ra8 27. Qf7 Nd3
28. Bxd3 exd3 29. Nd4 Bxd4 30. exd4 Qe7 31. Qxe7 Rxe7 32. b6 Rxa2 33. Rb1 Rb7
34. h3 g5 35. Nd5 Be4 36. Nc3 Rxg2+ 37. Kh1 Bf3 38. Rxd3 Rg3+ 39. Rxf3 Rxf3 40.
Ne4 Rxh3+ 41. Kg2 Rd3 42. Nxd6 Rb8 43. Rb4 Ra8 44. Ne4 Ra2+ 45. Nf2 Rdd2 46. b7
Rxf2+ 47. Kg3 Rf8 48. b8=Q Rxb8 49. Rxb8+ Kg7 50. Kg4 Rf2 51. Kh5 Rf4 52. Rb7+
Kf6 53. Rb6+ Kf5 54. Rb5+ Ke4 55. Kxh6 g4 56. d5 Rf5 57. Rb4+ Kf3 58. Rb3+ Kf2
59. Rb2+ Kf3 60. Rb3+ Ke4 61. Rb4+ Kf3 62. Rb3+ Kf2 63. Rb2+ Ke3 64. Rb3+
1/2-1/2

[Event "Xtracon Grand Master 2014"]
[Site "Koge"]
[Date "2014.10.17"]
[Round "8.2"]
[White "Baklan, Vladimir"]
[Black "Prohaszka, Peter"]
[Result "1/2-1/2"]
[WhiteElo "2656"]
[BlackElo "2588"]
[PlyCount "67"]
[EventDate "2014.??.??"]
[WhiteClock "0:22:14"]
[BlackClock "0:02:50"]

1. e4 e5 2. Nf3 Nc6 3. Bb5 Nf6 4. d3 Bc5 5. O-O Nd4 6. Nxd4 Bxd4 7. Nd2 O-O 8.
c3 Bb6 9. Nc4 c6 10. Nxb6 axb6 11. Bc4 d6 12. f4 exf4 13. Bxf4 d5 14. exd5 b5
15. Bb3 Nxd5 16. Bd2 Be6 17. a3 Qb6+ 18. d4 b4 19. Bc2 bxc3 20. bxc3 Qb2 21.
Qb1 Qxb1 22. Rfxb1 b5 23. a4 bxa4 24. Rxa4 Rac8 25. Ra5 Nf6 26. Bg5 Rfd8 27.
Bxf6 gxf6 28. Rf1 Rd5 29. Ra7 c5 30. Bb3 Rdd8 31. Bxe6 fxe6 32. Rxf6 cxd4 33.
cxd4 Rxd4 34. h3 {...54} 1/2-1/2

[Event "Xtracon Grand Master 2014"]
[Site "Koge"]
[Date "2014.10.17"]
[Round "8.3"]
[White "Krasenkow, Michal"]
[Black "Danielsen, Henrik"]
[Result "1/2-1/2"]
[WhiteElo "2631"]
[BlackElo "2490"]
[PlyCount "74"]
[EventDate "2014.??.??"]
[WhiteClock "1:32:15"]
[BlackClock "1:30:57"]

1. d4 d6 2. Nf3 Nf6 3. c4 g6 4. Nc3 Bf5 5. Qb3 b6 6. c5 c6 7. cxd6 exd6 8. Bg5
Be7 9. e3 O-O 10. Be2 Nbd7 11. O-O Re8 12. Rac1 a6 13. Qd1 b5 14. Bd3 Bxd3 15.
Qxd3 Nb6 16. Bxf6 Bxf6 17. Ne4 Nd5 18. Nxf6+ Qxf6 19. a3 Rac8 20. Rc2 Nb6 21.
e4 c5 22. dxc5 dxc5 23. e5 Qe7 24. Re2 c4 25. Qe3 Nd5 26. Qh6 Qf8 {(=)} 27. Qh4
c3 28. bxc3 Nxc3 29. Rd2 Rc4 30. Qh3 Ne4 31. Rd7 Re7 32. Rfd1 Rxd7 33. Qxd7 Qc8
34. h3 Qxd7 35. Rxd7 Rc1+ 36. Kh2 Rc3 37. Nd4 Nc5 1/2-1/2

[Event "Xtracon Grand Master 2014"]
[Site "Koge"]
[Date "2014.10.17"]
[Round "8.4"]
[White "Rozentalis, Eduardas"]
[Black "Semcesen, Daniel"]
[Result "1-0"]
[WhiteElo "2600"]
[BlackElo "2480"]
[PlyCount "93"]
[EventDate "2014.??.??"]
[WhiteClock "1:21:43"]
[BlackClock "1:26:50"]

1. e4 e5 2. Nf3 Nc6 3. Bb5 Nge7 4. O-O Ng6 5. c3 a6 6. Ba4 d5 7. exd5 Qxd5 8.
Bb3 Qd3 9. Re1 Be7 10. Bc2 Qd6 11. d4 exd4 12. Nxd4 Nxd4 13. cxd4 O-O 14. Nc3
c6 15. Be3 Be6 16. Qh5 Rad8 17. a3 Rfe8 18. Rad1 Qc7 19. h3 Nf8 20. Qf3 Qa5 21.
Bc1 Bf6 22. b4 Qb6 23. Bb2 Bd5 24. Nxd5 Rxe1+ 25. Rxe1 cxd5 26. g3 Qd6 27. h4
g6 28. h5 Bg7 29. hxg6 hxg6 30. Qg4 Qc6 31. Bd3 Re8 32. Rc1 Qd6 33. b5 axb5 34.
Bxb5 Re4 35. Qd1 Bh6 36. Rc8 Kg7 37. Bd3 Re7 38. Bc3 Qd7 39. Ra8 Re8 40. Rxe8
Qxe8 41. Qe2 Qc6 42. Bb4 Ne6 43. Bb5 Qc1+ 44. Kg2 Bf4 45. Qf3 Nxd4 46. Qxd5 Ne6
47. Bd7 1-0

[Event "Xtracon Grand Master 2014"]
[Site "Koge"]
[Date "2014.10.17"]
[Round "8.5"]
[White "Smith, Axel"]
[Black "Carstensen, Jacob"]
[Result "1/2-1/2"]
[WhiteElo "2474"]
[BlackElo "2357"]
[PlyCount "102"]
[EventDate "2014.??.??"]
[WhiteClock "0:02:51"]
[BlackClock "0:24:08"]

1. Nf3 Nf6 2. c4 e6 3. g3 d5 4. d4 Bb4+ 5. Bd2 Be7 6. Bg2 O-O 7. O-O c6 8. Qc2
b6 9. Rd1 Nbd7 10. b3 Ba6 11. Bf4 Rc8 12. Nc3 Ba3 13. e4 h6 14. Ne5 Qe7 15. Nb1
Bd6 16. Nxd7 Nxd7 17. Bxd6 Qxd6 18. Nd2 Rfd8 19. Rac1 Qe7 20. Qc3 Bb7 21. exd5
cxd5 22. b4 e5 23. dxe5 d4 24. Qxd4 Bxg2 25. Kxg2 Nxe5 26. Qe4 Qf6 27. Nf3 Rxd1
28. Rxd1 Qxf3+ 29. Qxf3 Nxf3 30. Kxf3 Rxc4 31. Rd8+ Kh7 32. Rd7 Rxb4 33. Rxa7
Kg6 {(=)} 34. h4 h5 35. a4 Kf6 36. Ra6 Kf5 37. a5 bxa5 38. Rxa5+ Kg6 39. Re5
Rb2 40. Ke3 Rb4 41. Re4 Rb2 42. Ra4 f6 43. f3 Rh2 44. Kf4 Rh1 45. Ra8 Rb1 46.
g4 Rb4+ 47. Kg3 hxg4 48. fxg4 Rb3+ 49. Kf4 Rb4+ 50. Kg3 Rb3+ 51. Kf4 Rb4+
1/2-1/2

[Event "Xtracon Grand Master 2014"]
[Site "Asgaard Skole"]
[Date "2014.10.17"]
[Round "8.6"]
[White "Andersen, Morten"]
[Black "Bekker-Jensen, David"]
[Result "1-0"]
[WhiteElo "2115"]
[BlackElo "2289"]
[PlyCount "55"]
[EventDate "2014.??.??"]
[WhiteTeam "Skakforeningen Odysseus"]
[BlackTeam "Philidor"]

1. c4 e6 2. g3 Nf6 3. Bg2 d5 4. Nf3 d4 5. d3 c5 6. e3 Nc6 7. exd4 cxd4 8. O-O
Bd6 9. Na3 O-O 10. Nc2 e5 11. b4 Nxb4 12. Nxb4 Bxb4 13. Nxe5 Bc3 14. Rb1 Qa5
15. Bf4 Qxa2 16. Bxb7 Bxb7 17. Rxb7 Qa6 18. Qf3 Qe6 19. Rxf7 a5 20. Qb7 Nh5 21.
Re7 Rab8 22. Qa7 Qf6 23. Ng4 Qf5 24. Rxg7+ Kh8 25. Be5 Nf6 26. Nxf6 Rxf6 27.
Rxh7+ Kg8 28. Qg7# 1-0

[Event "Xtracon Grand Master 2014"]
[Site "Asgaard Skole"]
[Date "2014.10.17"]
[Round "8.7"]
[White "Henriksen, Kasper"]
[Black "Brinck-Claussen, Bjørn"]
[Result "0-1"]
[WhiteElo "2055"]
[BlackElo "2227"]
[PlyCount "56"]
[EventDate "2014.??.??"]
[WhiteTeam "Køge Skakklub"]
[BlackTeam "Sjælsø Skakklub"]

1. d4 Nf6 2. c4 e6 3. Nc3 Bb4 4. e3 O-O 5. Nge2 d5 6. a3 Bd6 7. cxd5 exd5 8.
Ng3 Re8 9. Bd3 c5 10. O-O Nc6 11. Bc2 Bg4 12. f3 Be6 13. Qd3 Rc8 14. Bd2 cxd4
15. exd4 Nxd4 16. Ba4 Nc6 17. Bg5 h6 18. Bxf6 Qxf6 19. Nxd5 Bxd5 20. Qxd5 Bxg3
21. hxg3 Red8 22. Qb3 Nd4 23. Qxb7 Ne2+ 24. Kh2 Qg5 25. Qe4 Qxg3+ 26. Kh1 Nf4
27. Rf2 Qxf2 28. Qxf4 Rd4 0-1

[Event "Xtracon Grand Master 2014"]
[Site "Asgaard Skole"]
[Date "2014.10.17"]
[Round "8.8"]
[White "Bojesen, Villads Ussing"]
[Black "Ahlander, Björn"]
[Result "0-1"]
[WhiteElo "1838"]
[BlackElo "2401"]
[PlyCount "80"]
[EventDate "2014.??.??"]
[WhiteTeam "Skakforeningen ØBRO"]
[BlackTeam "Skakklubben Nordkalotten"]

1. e4 d6 2. d4 g6 3. Nf3 Bg7 4. Bc4 Nf6 5. Nc3 O-O 6. Be3 Nxe4 7. Nxe4 d5 8.
Bd3 dxe4 9. Bxe4 c5 10. c3 Nd7 11. O-O cxd4 12. cxd4 Nf6 13. Bc2 Be6 14. Qd2
Rc8 15. Bb3 Bxb3 16. axb3 a6 17. Qb4 Rc7 18. Bf4 Rd7 19. Be5 Nd5 20. Qe1 Bh6
21. Rd1 Qb6 22. Rd3 Qe6 23. Qd1 Rc8 24. Nd2 f6 25. Bg3 Nb4 26. Re1 Nxd3 27.
Rxe6 Rc1 28. Qxc1 Nxc1 29. Nf3 Nxb3 30. h3 Na5 31. Re1 Nc6 32. Rd1 e5 33. d5
Ne7 34. d6 Nf5 35. Kf1 Rxd6 36. Rxd6 Nxd6 37. Ke2 Nc4 38. b4 Kf7 39. Kd3 b5 40.
Ng1 Bd2 0-1

[Event "Xtracon Grand Master 2014"]
[Site "Asgaard Skole"]
[Date "2014.10.17"]
[Round "8.9"]
[White "Adan Bermudez, Sergio"]
[Black "Anghel, Mihai Ursta"]
[Result "1-0"]
[WhiteElo "2357"]
[BlackElo "1835"]
[PlyCount "51"]
[EventDate "2014.??.??"]
[WhiteTeam "Skakklubben K41"]
[BlackTeam "Haslev Skakklub"]

1. c4 c5 2. Nc3 Nf6 3. g3 Nc6 4. Bg2 e6 5. Nf3 Be7 6. O-O O-O 7. d4 d5 8. cxd5
exd5 9. Bg5 cxd4 10. Nxd4 Be6 11. Rc1 Rc8 12. Nxe6 fxe6 13. Bh3 Qd7 14. e4 d4
15. Qb3 Nd8 16. Rfd1 Rc6 17. e5 Nd5 18. Qxd5 Qxd5 19. Nxd5 Bxg5 20. Rxc6 bxc6
21. Nc7 c5 22. Bxe6+ Kh8 23. f4 Be7 24. Bd7 Nb7 25. Nd5 Bd8 26. e6 1-0

[Event "Xtracon Grand Master 2014"]
[Site "Asgaard Skole"]
[Date "2014.10.17"]
[Round "8.10"]
[White "Percivaldi, Martin"]
[Black "Nielsen, Viktor Haarmark"]
[Result "1-0"]
[WhiteElo "2324"]
[BlackElo "2052"]
[PlyCount "51"]
[EventDate "2014.??.??"]
[WhiteTeam "Hillerød Skakklub"]
[BlackTeam "Skakforeningen ØBRO"]

1. d4 Nf6 2. Nf3 e6 3. Bg5 c5 4. c3 cxd4 5. cxd4 d5 6. Nc3 Be7 7. e3 O-O 8. Bd3
Nc6 9. O-O Bd7 10. Rc1 Rc8 11. Qe2 Ne8 12. Bxe7 Qxe7 13. a3 Nd6 14. b4 a6 15.
Nd2 f5 16. f4 a5 17. b5 Nb8 18. Nf3 b6 19. Ne5 Nf7 20. Qb2 Nxe5 21. dxe5 Qd8
22. Na4 Na6 23. Rxc8 Qxc8 24. Nxb6 Qc5 25. Nxd7 Qxe3+ 26. Qf2 1-0

[Event "Xtracon Grand Master 2014"]
[Site "Asgaard Skole"]
[Date "2014.10.17"]
[Round "8.11"]
[White "Nielsen, Jørgen Løvgren"]
[Black "Sørensen, Dick"]
[Result "1/2-1/2"]
[WhiteElo "2111"]
[BlackElo "1982"]
[PlyCount "35"]
[EventDate "2014.??.??"]
[WhiteTeam "Roskilde Skakklub"]
[BlackTeam "Frederiksberg Skakforening"]

1. e4 g6 2. d4 Bg7 3. Nc3 d6 4. f4 Nf6 5. Nf3 c6 6. Bd3 O-O 7. O-O a6 8. h3 b5
9. Be3 e6 10. Ne2 Bb7 11. Ng3 Nbd7 12. Qd2 c5 13. c3 Qc7 14. Bc2 Nb6 15. b3 c4
16. Rac1 Rac8 17. Bb1 Rfe8 18. b4 1/2-1/2

[Event "Xtracon Grand Master 2014"]
[Site "Asgaard Skole"]
[Date "2014.10.17"]
[Round "8.12"]
[White "Madsen, Michael Ole"]
[Black "Akdag, Dara Sevkan"]
[Result "0-1"]
[WhiteElo "2071"]
[BlackElo "2193"]
[PlyCount "48"]
[EventDate "2014.??.??"]
[WhiteTeam "Allerød Skakklub"]
[BlackTeam "BMS Skak"]

1. d4 Nf6 2. Nf3 c5 3. c3 g6 4. Bf4 Bg7 5. e3 Qb6 6. Qb3 O-O 7. h3 Nc6 8. Nbd2
d6 9. Be2 Be6 10. Bc4 Bxc4 11. Nxc4 Qa6 12. O-O b5 13. Ncd2 b4 14. dxc5 bxc3
15. bxc3 dxc5 16. Rab1 Nd7 17. Qb7 Qxb7 18. Rxb7 Nb6 19. c4 e5 20. Bg3 Rfc8 21.
Nb3 Nd8 22. Re7 f6 23. Nxe5 fxe5 24. Bxe5 Bf8 0-1

[Event "Xtracon Grand Master 2014"]
[Site "Asgaard Skole"]
[Date "2014.10.17"]
[Round "8.13"]
[White "Pedersen, Henrik Dahl"]
[Black "Hansen, Lars-Henrik Bech"]
[Result "1-0"]
[WhiteElo "2175"]
[BlackElo "2001"]
[PlyCount "50"]
[EventDate "2014.??.??"]
[WhiteTeam "Køge Skakklub"]
[BlackTeam "BMS Skak"]

1. d4 g6 2. c4 Nf6 3. Nc3 Bg7 4. e4 d6 5. f3 O-O 6. Nge2 c5 7. Be3 cxd4 8. Nxd4
Nc6 9. Qd2 Bd7 10. Be2 Qa5 11. O-O Qh5 12. Nxc6 bxc6 13. b4 Rfc8 14. Rfc1 Be6
15. Rab1 Nd7 16. Nd1 c5 17. b5 Rcb8 18. Nf2 h6 19. f4 Qh4 20. Bf3 Nb6 21. g3
Qf6 22. e5 dxe5 23. Ne4 Qf5 24. g4 exf4 25. gxf5 fxe3 1-0

[Event "Xtracon Grand Master 2014"]
[Site "Asgaard Skole"]
[Date "2014.10.17"]
[Round "8.14"]
[White "Pedersen, Hans Dahl"]
[Black "Undheim, Bjarne"]
[Result "1-0"]
[WhiteElo "2171"]
[BlackElo "1912"]
[PlyCount "43"]
[EventDate "2014.??.??"]
[WhiteTeam "Køge Skakklub"]

1. c4 Nc6 2. g3 e5 3. Bg2 Nf6 4. Nc3 Bc5 5. e3 d6 6. Nge2 Be6 7. d4 exd4 8.
exd4 Nxd4 9. Nxd4 Bxc4 10. Qa4+ b5 11. Ncxb5 Bxb5 12. Qxb5+ Kf8 13. Bxa8 Qxa8
14. Qc6 Qb8 15. Nc2 Ng4 16. O-O h5 17. b4 Bb6 18. Bb2 h4 19. Qf3 Qc8 20. Ne3
Nh6 21. g4 d5 22. h3 1-0

[Event "Xtracon Grand Master 2014"]
[Site "Asgaard Skole"]
[Date "2014.10.17"]
[Round "8.15"]
[White "Møller, Arne Vagn"]
[Black "Stojanovski, Sandi"]
[Result "0-1"]
[WhiteElo "1871"]
[BlackElo "2167"]
[PlyCount "84"]
[EventDate "2014.??.??"]
[WhiteTeam "Amager Skakforening"]
[BlackTeam "Skakklubben K41"]

1. e4 c5 2. Nf3 Nc6 3. d4 cxd4 4. Nxd4 Nf6 5. Nc3 e5 6. Ndb5 d6 7. Bg5 a6 8.
Na3 b5 9. Nd5 Be7 10. Bxf6 Bxf6 11. c3 Bg5 12. g3 O-O 13. Bg2 Ne7 14. Nxe7+
Qxe7 15. O-O Be6 16. f4 Bf6 17. Kh1 exf4 18. gxf4 b4 19. Nc2 bxc3 20. b3 Rac8
21. Qe2 a5 22. Rg1 Qa7 23. Rad1 Qc5 24. Bf3 a4 25. b4 Qc7 26. a3 Bb3 27. Qg2
Bxc2 28. Qxc2 Rfd8 29. Bg4 Ra8 30. Rd3 Qc4 31. Bf3 Rac8 32. Rb1 d5 33. e5 Be7
34. f5 Qf4 35. f6 gxf6 36. exf6 Bxf6 37. Rg1+ Kh8 38. Rg4 Qf5 39. b5 Rg8 40.
Rxg8+ Rxg8 41. b6 Bd4 42. Bg2 Qf1+ 0-1

[Event "Xtracon Grand Master 2014"]
[Site "Asgaard Skole"]
[Date "2014.10.17"]
[Round "8.16"]
[White "Christensen, Casper"]
[Black "Stuhr, Peter Sebastian"]
[Result "1-0"]
[WhiteElo "1988"]
[BlackElo "1927"]
[PlyCount "131"]
[EventDate "2014.??.??"]
[WhiteTeam "BMS Skak"]
[BlackTeam "Køge Skakklub"]

1. e4 d6 2. d4 Nf6 3. Nc3 e5 4. dxe5 dxe5 5. Qxd8+ Kxd8 6. Bg5 Be6 7. O-O-O+
Nbd7 8. Nf3 Kc8 9. Nd2 Ng4 10. Bh4 Bc5 11. f3 Ne3 12. Re1 c6 13. Bg3 Nxf1 14.
Rhxf1 b5 15. Nb3 Bb4 16. Re3 a5 17. a3 Bf8 18. Nd1 f6 19. Bh4 g5 20. Bf2 g4 21.
Nd2 Kc7 22. fxg4 Bh6 23. Rh3 Bf4 24. Be3 Bxg4 25. Rh4 Bxe3 26. Nxe3 Be6 27. Nf5
Rag8 28. g4 b4 29. Rf3 Rg5 30. h3 h5 31. Rf2 Rgg8 32. gxh5 Rg1+ 33. Rf1 Rxf1+
34. Nxf1 Nf8 35. N1e3 Nh7 36. Rg4 Rg8 37. Rg6 Ng5 38. Nh6 Rh8 39. Rxf6 Bxh3 40.
Nc4 Nxe4 41. Rg6 Rf8 42. Rg7+ Kb8 43. Nf7 Be6 44. Ncxe5 Nf6 45. Rg6 Bxf7 46.
Rxf6 Rh8 47. Rxf7 bxa3 48. Nxc6+ Kc8 49. bxa3 Rxh5 50. Ra7 Rc5 51. Nxa5 Kb8 52.
Ra6 Rh5 53. Nb3 Kb7 54. Rg6 Rh4 55. Kb2 Rf4 56. a4 Ka7 57. a5 Ra4 58. Rg7+ Kb8
59. Kc3 Ka8 60. Rc7 Kb8 61. Rc4 Ra1 62. Kb4 Ka7 63. Kb5 Kb7 64. a6+ Ka7 65.
Rc7+ Ka8 66. Kb6 1-0

[Event "Xtracon Grand Master 2014"]
[Site "Asgaard Skole"]
[Date "2014.10.17"]
[Round "8.17"]
[White "Jacobsen, Mikkel Manosri"]
[Black "Hansen, Verner"]
[Result "1-0"]
[WhiteElo "1944"]
[BlackElo "1870"]
[PlyCount "91"]
[EventDate "2014.??.??"]
[WhiteTeam "BMS Skak"]
[BlackTeam "Espergærde Skakklub"]

1. d4 d5 2. Bf4 e6 3. e3 f5 4. c4 c6 5. Nc3 Nf6 6. Qc2 Be7 7. Nf3 O-O 8. Bd3
Bd7 9. h3 Ne4 10. g4 g5 11. Bxb8 Rxb8 12. gxf5 Rxf5 13. Bxe4 dxe4 14. Ne5 Bb4
15. a3 Bxc3+ 16. Qxc3 Qe7 17. Rh2 Rbf8 18. Qb4 Qg7 19. Qxb7 Be8 20. Qxg7+ Kxg7
21. c5 Kf6 22. Rc1 Rxe5 23. dxe5+ Kxe5 24. Rg2 Kf5 25. Rc4 Bh5 26. Rd4 Bf3 27.
Rh2 Rb8 28. b4 a5 29. bxa5 Rb5 30. a6 Ra5 31. Kd2 Rxa3 32. Rd7 Rxa6 33. Rxh7
Ra5 34. h4 gxh4 35. R7xh4 e5 36. Rh8 Rxc5 37. R2h6 Rd5+ 38. Kc3 Rc5+ 39. Kb4
Rc2 40. Rf8+ Kg5 41. Rh3 c5+ 42. Ka3 Rxf2 43. Rg3+ Kh4 44. Rg7 Rh2 45. Rh8+ Bh5
46. Rxh5+ 1-0

[Event "Xtracon Grand Master 2014"]
[Site "Asgaard Skole"]
[Date "2014.10.17"]
[Round "8.18"]
[White "Andersen, Daniel"]
[Black "Karlsson, Ulf"]
[Result "0-1"]
[WhiteElo "1957"]
[BlackElo "2009"]
[PlyCount "60"]
[EventDate "2014.??.??"]
[WhiteTeam "Frederikssund Skakklub"]

1. c4 e6 2. g3 Nf6 3. Bg2 c5 4. Nc3 Nc6 5. e4 d6 6. Nge2 Nd4 7. Nxd4 cxd4 8.
Ne2 e5 9. d3 Bd7 10. f4 Qb6 11. h3 Bc6 12. Rb1 a5 13. b3 Qc7 14. Qc2 Nd7 15.
fxe5 dxe5 16. O-O Be7 17. Kh2 Nc5 18. a3 Ne6 19. Ng1 O-O 20. Ne2 Bd7 21. b4
axb4 22. axb4 b6 23. Bd2 Ra4 24. Ra1 Rfa8 25. Qb2 Qa7 26. Rxa4 Qxa4 27. h4 Qa3
28. Qc2 Qa2 29. Qd1 Qb2 30. Bh3 Ra7 0-1

[Event "Xtracon Grand Master 2014"]
[Site "Asgaard Skole"]
[Date "2014.10.17"]
[Round "8.19"]
[White "Tolba, Henri"]
[Black "Nielsen, John Holm"]
[Result "0-1"]
[WhiteElo "1698"]
[BlackElo "2022"]
[PlyCount "62"]
[EventDate "2014.??.??"]
[WhiteTeam "Hvidovre Skakklub"]
[BlackTeam "Enkeltmedlem 1 HK"]

1. d4 d5 2. Nf3 Nf6 3. c4 c6 4. Nc3 dxc4 5. e3 b5 6. a4 b4 7. Nb1 Ba6 8. Ne5 e6
9. Qf3 Qd5 10. Nd2 c3 11. bxc3 Bxf1 12. Kxf1 bxc3 13. Nb1 Bb4 14. Qe2 O-O 15.
Qc4 a5 16. f3 Rd8 17. Ke2 c5 18. Qxd5 Rxd5 19. Nd3 cxd4 20. e4 Rd8 21. Na3 Nbd7
22. Nc4 Nc5 23. Bf4 Rac8 24. Nd6 Rc6 25. Nxc5 Bxc5 26. Nb7 d3+ 27. Kf1 Rd7 28.
Nxc5 Rxc5 29. Be3 Rc4 30. Rb1 Rb4 31. Kf2 Rdb7 0-1

[Event "Xtracon Grand Master 2014"]
[Site "Asgaard Skole"]
[Date "2014.10.17"]
[Round "8.20"]
[White "Pondal, Jesper"]
[Black "Schmidt, Horst Hubert"]
[Result "1-0"]
[WhiteElo "1960"]
[BlackElo "1764"]
[PlyCount "79"]
[EventDate "2014.??.??"]
[WhiteTeam "Køge Skakklub"]
[BlackTeam "Brønshøj Skakforening"]

1. d4 Nf6 2. Bg5 d6 3. Bxf6 gxf6 4. e3 Bg7 5. Bd3 e5 6. Ne2 Nc6 7. c3 f5 8.
dxe5 Nxe5 9. Nf4 c6 10. Qc2 Qa5 11. Nd2 Be6 12. O-O O-O 13. Nb3 Qd8 14. Bxf5
Qg5 15. Nxe6 Nf3+ 16. Kh1 Qh6 17. gxf3 fxe6 18. Bg4 Kh8 19. Rg1 e5 20. Rg3 Qf6
21. Rag1 Rf7 22. Bh5 Re7 23. Qe4 Rd8 24. Rh3 d5 25. Qh4 Qxh4 26. Rxh4 b6 27. f4
exf4 28. Rxf4 Be5 29. Rf7 Rxf7 30. Bxf7 Rf8 31. Be6 h6 32. f4 Bd6 33. Nd4 c5
34. Nf5 Bc7 35. Nxh6 d4 36. cxd4 cxd4 37. f5 dxe3 38. Nf7+ Kh7 39. f6 Re8 40.
Rg7# 1-0

[Event "Xtracon Grand Master 2014"]
[Site "Asgaard Skole"]
[Date "2014.10.17"]
[Round "8.21"]
[White "Larsen, Preben R"]
[Black "Kokholm, Daniel"]
[Result "1-0"]
[WhiteElo "1800"]
[BlackElo "1899"]
[PlyCount "131"]
[EventDate "2014.??.??"]
[WhiteTeam "Roskilde Skakklub"]
[BlackTeam "Skakklubben K41"]

1. c4 f5 2. Nc3 Nf6 3. d3 e5 4. Bg5 c6 5. Nf3 h6 6. Bxf6 Qxf6 7. e3 d6 8. Qa4
Nd7 9. Be2 Be7 10. Nd2 O-O 11. Qc2 a6 12. Rc1 Rf7 13. a3 Nf8 14. Na4 Bd8 15. b3
Ne6 16. Nc3 Bd7 17. b4 Be7 18. Nb3 Kh8 19. Qd2 g5 20. f3 Nf8 21. d4 Rg7 22.
dxe5 dxe5 23. h3 Be6 24. Qc2 Qf7 25. Nd2 Rd8 26. e4 f4 27. Nd1 Ng6 28. c5 Nh4
29. O-O h5 30. Nf2 g4 31. fxg4 hxg4 32. Nxg4 Qg8 33. Nc4 Bxc4 34. Bxc4 Qh7 35.
Be2 Qg8 36. Rcd1 Rf8 37. Rd3 Ng6 38. Qb3 Qxb3 39. Rxb3 Rd8 40. Rd1 Rgg8 41.
Rbd3 Rxd3 42. Rxd3 Rd8 43. Nh6 Rxd3 44. Bxd3 Kh7 45. Nf5 Bf8 46. Nd6 Bxd6 47.
cxd6 Nf8 48. Be2 Ne6 49. Bg4 Nd8 50. Kf2 Kg7 51. Ke2 Nf7 52. d7 Kf8 53. Kd3 Ke7
54. a4 b6 55. Bf5 Nd8 56. Kc4 Nb7 57. h4 b5+ 58. axb5 axb5+ 59. Kd3 Nd8 60. Ke2
Nf7 61. Kf2 Nh6 62. g3 fxg3+ 63. Kxg3 Kd8 64. Be6 Kc7 65. h5 Kd8 66. Kh4 1-0

[Event "Xtracon Grand Master 2014"]
[Site "Asgaard Skole"]
[Date "2014.10.17"]
[Round "8.22"]
[White "Singh, Karamtej"]
[Black "Jørgensen, Alexander Torp"]
[Result "0-1"]
[WhiteElo "1827"]
[BlackElo "1882"]
[PlyCount "76"]
[EventDate "2014.??.??"]
[WhiteTeam "Skakklubben K41"]
[BlackTeam "Næstved Skakklub"]

1. e4 g6 2. d4 d6 3. Nc3 Bg7 4. Be3 a6 5. f3 b5 6. Qd2 Bb7 7. Nh3 Nd7 8. Be2 c5
9. dxc5 Nxc5 10. a3 Qc7 11. O-O Nf6 12. Bh6 O-O 13. Rad1 Rfd8 14. Bxg7 Kxg7 15.
Nd5 Nxd5 16. exd5 Nd7 17. f4 Nf6 18. Bf3 Qc5+ 19. Kh1 a5 20. c3 Rac8 21. f5 Qc4
22. Nf4 Rc5 23. g3 gxf5 24. Nh5+ Nxh5 25. Qg5+ Kf8 26. Qxh5 Bxd5 27. Qxf5 Bxf3+
28. Qxf3 f6 29. Rd4 Qe6 30. Rh4 Kg7 31. Rd4 Rg8 32. Rf2 Kh8 33. Re2 Qf7 34. Qb7
Re5 35. Rde4 Rgg5 36. Kg2 Qe8 37. Qb6 Qa8 38. Qd4 f5 0-1

[Event "Xtracon Grand Master 2014"]
[Site "Asgaard Skole"]
[Date "2014.10.17"]
[Round "8.23"]
[White "Wang, Peter"]
[Black "Nielsen, Kai Gylling"]
[Result "1-0"]
[WhiteElo "1877"]
[BlackElo "1846"]
[PlyCount "93"]
[EventDate "2014.??.??"]
[WhiteTeam "Næstved Skakklub"]
[BlackTeam "Roskilde Skakklub"]

1. e4 e5 2. Bc4 Nc6 3. Nf3 Be7 4. c3 Nf6 5. Qe2 d6 6. d3 a6 7. Bb3 h6 8. Nbd2
Bg4 9. Nf1 Qd7 10. h3 Be6 11. Ng3 Bxb3 12. axb3 Qe6 13. Nf5 Rg8 14. b4 d5 15.
b5 Nd8 16. Nxe7 Kxe7 17. exd5 Nxd5 18. Nxe5 f6 19. Nf3 a5 20. Be3 Re8 21. O-O
Kf7 22. Rfe1 Qd7 23. Nd4 Ne6 24. Qf3 Nxd4 25. Bxd4 Ne7 26. Qh5+ Kg8 27. Qc5 b6
28. Qc4+ Kh8 29. Be3 Rad8 30. d4 Nd5 31. Bd2 Qf5 32. Rac1 Re7 33. Qf1 Red7 34.
Re2 Nf4 35. Re3 Nd5 36. Rf3 Qh5 37. c4 Ne7 38. d5 Ng6 39. Re3 Ne5 40. Rce1 Qg6
41. f4 Nf7 42. f5 Qh5 43. g4 Qh4 44. Bc3 h5 45. Qf4 Ng5 46. Kg2 Nxh3 47. Rxh3
1-0

[Event "Xtracon Grand Master 2014"]
[Site "Asgaard Skole"]
[Date "2014.10.17"]
[Round "8.24"]
[White "Petersen, Rasmus"]
[Black "Hein, Jacob"]
[Result "1-0"]
[WhiteElo "1627"]
[BlackElo "1445"]
[PlyCount "39"]
[EventDate "2014.??.??"]
[WhiteTeam "Helsinge Skakklub"]
[BlackTeam "Espergærde Skakklub"]

1. d4 Nf6 2. Nf3 d6 3. g3 Nbd7 4. Bg2 e5 5. dxe5 dxe5 6. O-O Bd6 7. c4 e4 8.
Ng5 Nc5 9. b4 h6 10. bxc5 hxg5 11. cxd6 Bh3 12. dxc7 Qxc7 13. Bxh3 Rxh3 14. Kg2
Rh5 15. Rh1 Nd7 16. Qd4 Qc6 17. Qd5 Qg6 18. Nc3 O-O-O 19. Rb1 g4 20. Qxb7# 1-0

[Event "Xtracon Grand Master 2014"]
[Site "Asgaard Skole"]
[Date "2014.10.17"]
[Round "8.25"]
[White "Nielsen, Bjørn"]
[Black "Nielsen, Jens Holm"]
[Result "0-1"]
[WhiteElo "1398"]
[BlackElo "1811"]
[PlyCount "91"]
[EventDate "2014.??.??"]
[WhiteTeam "Nørrebro Skakklub"]
[BlackTeam "Amager Skakforening"]

1. e4 Nc6 2. Nf3 d6 3. d4 Bg4 4. Be2 Nf6 5. Nc3 e6 6. O-O Be7 7. d5 exd5 8.
exd5 Nb8 9. Bb5+ c6 10. dxc6 bxc6 11. Ba4 O-O 12. Qd3 Qc7 13. Ne2 Nbd7 14. h3
Nc5 15. Qe3 Bxf3 16. Qxf3 Nxa4 17. b3 Nb6 18. Bb2 Nfd7 19. Rfb1 Bf6 20. Nc3 d5
21. Nd1 Bxb2 22. Rxb2 Rfe8 23. g3 Re6 24. Rbb1 Rae8 25. Ne3 Rf6 26. Qh1 Ne5 27.
Kg2 d4 28. Ng4 Nxg4 29. hxg4 Qd7 30. Qd1 c5 31. g5 Qc6+ 32. Kg1 Rd6 33. Qg4 Qe4
34. Qxe4 Rxe4 35. Rf1 Nd5 36. Kg2 Re2 37. Rac1 Nc3 38. a4 a5 39. Kh3 Ne4 40. f4
Re3 41. Rg1 Nf2+ 42. Kh4 Ne4 43. Kg4 f5+ 44. Kh5 Nxg3+ 45. Rxg3 Rxg3 46. Rh1
0-1

[Event "Xtracon Grand Master 2014"]
[Site "Asgaard Skole"]
[Date "2014.10.17"]
[Round "8.26"]
[White "Larsen, Arne Walther"]
[Black "Severinsen, Frank"]
[Result "0-1"]
[WhiteElo "1894"]
[BlackElo "1792"]
[PlyCount "42"]
[EventDate "2014.??.??"]
[WhiteTeam "Hvidovre Skakklub"]
[BlackTeam "Skakklubben K41"]

1. Nf3 d5 2. g3 Nc6 3. Bg2 e5 4. d3 f5 5. a3 Nf6 6. Bg5 Bd6 7. O-O h6 8. Bxf6
Qxf6 9. Nbd2 f4 10. c4 fxg3 11. fxg3 Bc5+ 12. Kh1 Bg4 13. cxd5 Ne7 14. Ne4 Qb6
15. Nxe5 h5 16. Qa4+ c6 17. Nxg4 hxg4 18. Nxc5 Qxc5 19. Qxg4 Nxd5 20. Qe6+ Ne7
21. Rf5 Qxf5 0-1